00162nam a2200073Ia 4500082000800000245002200008100001700030008004100047 aMAR 0aDal van die dood  aMaree, Naomi210817s9999 xx 000 0 und d